| 000 | 00375nam a2200157Ia 4500 | ||
|---|---|---|---|
| 005 | 20250423095427.0 | ||
| 008 | 250422s9999 xx 000 0 und d | ||
| 020 | _a0- 256- 02386- 7 | ||
| 050 | _aHF 5635 .P975/ | ||
| 100 | _aWilliam W. Pyle | ||
| 245 | 0 | _aFundamental accounting principles | |
| 260 | _bIRWIN, inc. | ||
| 260 | _c1981 | ||
| 300 | _a971 p | ||
| 942 | _cBK | ||
| 999 |
_c30242 _d30242 |
||